| 000 | 00376pab a2200145 454500 | ||
|---|---|---|---|
| 008 | 180718b2017 xxu||||| |||| 00| 0 eng d | ||
| 100 | _aAbraham, Susan | ||
| 245 | _aMisuse of the Unlawful Activities (Prevention) Act | ||
| 260 | _c2017 | ||
| 300 | _ap.23-26. | ||
| 362 | _a6 May | ||
| 650 | _aPenal sanctions | ||
| 773 | _aEconomic and Political Weekly | ||
| 909 | _a114626 | ||
| 999 |
_c114620 _d114620 |
||